000 00349nam a2200133Ia 4500
008 151001s9999||||xx |||||||||||||| ||und||
100 _aराकेश भारती
245 _aकाला सुरज
250 _a1
260 _bमित्तल एंड सन्स
260 _c2007
300 _a172
365 _b21
999 _c992575
_d992572